| 000 | 00000nam##2200000za#4500 |
| 001 | 9.574302 |
| 003 | CaOODSP |
| 005 | 20210624184122 |
| 007 | cr ||||||||||| |
| 008 | 150406|2007||||xxc|||||o f|0| 0 eng|d |
| 022 | |a1488-5379 |
| 040 | |aCaOODSP|beng |
| 043 | |an-cn--- |
| 086 | 1 |aFs97-6/2744E-PDF |
| 110 | 1 |aCanada. |bDepartment of Fisheries and Oceans. |
| 245 | 10|aEstuary and Gulf of St. Lawrence marine ecosystem overview and assessment report / |h[electronic resource]|c[edited by] R. Dufour and P. Ouellet. |
| 260 | |aMont-Joli - Quebec : |bFisheries and Oceans Canada |c2007. |
| 300 | |a121p.|bcoloured maps, figs., graph, references, table |
| 490 | 1 |aCanadian technical report of fisheries and aquatic sciences|x1488-5379|v2744E |
| 500 | |aThe catalogue number (Fs97–6/2744E) for the print edition has been incorrectly copied in this electronic publication. |
| 546 | |a(Résumé en français) |
| 590 | |a12-29-Supp|b2012-06-25 |
| 720 | 1 |aDufour, R. |
| 720 | 1 |aOuellet, P. |
| 775 | 08|tRapport d'aperçu et d'évaluation de l'écosystème marin de l'estuaire et du golfe du Saint-Laurent / |w(CaOODSP)9.604066 |
| 776 | 0#|tEstuary and Gulf of St. Lawrence marine ecosystem overview and assessment report / |w(CaOODSP)9.618540 |
| 830 | #0|aCanadian technical report of fisheries and aquatic sciences,|x1488-5379|v2744E|w(CaOODSP)9.504449 |
| 856 | 40|ahttp://publications.gc.ca|qPDF|s2.50 MB|uhttps://publications.gc.ca/collections/collection_2012/mpo-dfo/Fs97-6-2744-eng.pdf|y2744E |